| 000 -LEADER |
| fixed length control field |
00881nam a2200217Ia 4500 |
| 001 - CONTROL NUMBER |
| control field |
432 |
| 003 - CONTROL NUMBER IDENTIFIER |
| control field |
GE_BSU |
| 008 - FIXED-LENGTH DATA ELEMENTS--GENERAL INFORMATION |
| fixed length control field |
181216s||||||||xx |||||||||||||| ||und|| |
| 020 ## - INTERNATIONAL STANDARD BOOK NUMBER |
| International Standard Book Number |
9789941173301 |
| 040 ## - CATALOGING SOURCE |
| Transcribing agency |
GE_BSU |
| 080 ## - UNIVERSAL DECIMAL CLASSIFICATION NUMBER |
| Universal Decimal Classification number |
32(470+39(479.224)) |
| 245 ## - TITLE STATEMENT |
| Title |
რუსიფიკატორული პოლიტიკა და ეთნოლინგვისტური ვითარება აფხაზეთში XIX-XX ს.ს. |
| 245 ## - TITLE STATEMENT |
| Statement of responsibility, etc. |
რედ. ესათია ლევან |
| 260 ## - PUBLICATION, DISTRIBUTION, ETC. |
| Place of publication, distribution, etc. |
თბილისი |
| 260 ## - PUBLICATION, DISTRIBUTION, ETC. |
| Name of publisher, distributor, etc. |
უნივერსალი |
| 260 ## - PUBLICATION, DISTRIBUTION, ETC. |
| Date of publication, distribution, etc. |
2011 |
| 300 ## - PHYSICAL DESCRIPTION |
| Extent |
90 გვ. |
| 653 ## - INDEX TERM--UNCONTROLLED |
| Uncontrolled term |
რუსიფიკატორული პოლიტიკა და ეთნოლინგვისტური ვითარება აფხაზეთში XIX-XX ს.ს. |
| 942 ## - ADDED ENTRY ELEMENTS (KOHA) |
| Koha item type |
წიგნი |